<?xml version="1.0" encoding="UTF-8"?>
<record
    xmlns:xsi="http://www.w3.org/2001/XMLSchema-instance"
    xsi:schemaLocation="http://www.loc.gov/MARC21/slim http://www.loc.gov/standards/marcxml/schema/MARC21slim.xsd"
    xmlns="http://www.loc.gov/MARC21/slim">

  <leader>01747    a2200217   4500</leader>
  <controlfield tag="001">26783</controlfield>
  <controlfield tag="005">20260407155545.0</controlfield>
  <controlfield tag="008">260407a1969    arg                 spa d</controlfield>
  <controlfield tag="003">AR-UNSa-BCEJYS</controlfield>
  <datafield tag="040" ind1=" " ind2=" ">
    <subfield code="a">AR-UNSa-BCEJYS</subfield>
    <subfield code="b">spa</subfield>
    <subfield code="c">AR-UNSa-BCEJYS</subfield>
  </datafield>
  <datafield tag="080" ind1=" " ind2=" ">
    <subfield code="a">658.8</subfield>
    <subfield code="x">Organizaci&#xF3;n de mercados. Marketing. Ventas. Distribuci&#xF3;n</subfield>
  </datafield>
  <datafield tag="245" ind1="1" ind2="0">
    <subfield code="a">Direcci&#xF3;n de Mercadotecnia</subfield>
    <subfield code="p">An&#xE1;lisis, planeaci&#xF3;n y control.</subfield>
  </datafield>
  <datafield tag="264" ind1=" " ind2="1">
    <subfield code="a">M&#xE9;xico :</subfield>
    <subfield code="b">Diana</subfield>
    <subfield code="c">1969</subfield>
  </datafield>
  <datafield tag="300" ind1=" " ind2=" ">
    <subfield code="a">715 p.</subfield>
    <subfield code="c">23 cm.</subfield>
  </datafield>
  <datafield tag="505" ind1=" " ind2=" ">
    <subfield code="a">Parte I: An&#xE1;lisis de mercadotecnia: 1. Direcci&#xF3;n y concepto de mercadotecnia - 2. Mercados y el medio ambiente de la mercadotecnia - 3. Segmentaci&#xF3;n del mercado - 4. Comportamiento del consumidor - 5. Pron&#xF3;stico y medici&#xF3;n del mercado - Parte II: Organizaci&#xF3;n d la actividad de mercadotecnia: 6. Objetivos de la empresa y organizaci&#xF3;n de mercadotecnia - 7. Planeaci&#xF3;n de la mercadotcnia - 8. Toma de decisions en mercadotecnia - 9. Investigaci&#xF3;n y sistemas de mercadotecnia - 11. Creatividad en mercadotecnia - Parte III: Planeaci&#xF3;n de mercadotecnia : 12. Teor&#xED;a de la programaci&#xF3;n de mercadotecnia - 13. Decisiones depol&#xED;tica de productos - 14. Decisiones referentes a productos de precios - 15. Decisiones en materia de precios - 16. Decisiones respecto a canales de distribuci&#xF3;n - 17. Decisiones acerca de la distribuci&#xF3;n f&#xED;sica - 18. Decisiones acerca de la fuerza de ventas - 20. Decisiones de mercadotecnia y la ley - Parte IV: Control del esfuerzo de mercadotecnia: 21. Control de la mercadotecnia - 22. An&#xE1;lisis de ventas y de costos - 23. Auditor&#xED;a de mercadotecnia.</subfield>
  </datafield>
  <datafield tag="942" ind1=" " ind2=" ">
    <subfield code="c">BK</subfield>
  </datafield>
  <datafield tag="590" ind1=" " ind2=" ">
    <subfield code="a">niveau_biblio:m niveau_hierar:0</subfield>
  </datafield>
  <datafield tag="100" ind1="1" ind2=" ">
    <subfield code="a">Kotler, Philip</subfield>
  </datafield>
  <datafield tag="700" ind1="1" ind2=" ">
    <subfield code="a">Brunell, Alfredo</subfield>
  </datafield>
  <datafield tag="700" ind1="1" ind2=" ">
    <subfield code="a">Palaz&#xF3;n Beltr&#xE1;n, Ram&#xF3;n</subfield>
  </datafield>
  <datafield tag="999" ind1=" " ind2=" ">
    <subfield code="c">1499</subfield>
    <subfield code="d">1499</subfield>
  </datafield>
  <datafield tag="952" ind1=" " ind2=" ">
    <subfield code="0">0</subfield>
    <subfield code="1">0</subfield>
    <subfield code="4">0</subfield>
    <subfield code="7">0</subfield>
    <subfield code="a">BCEJYS</subfield>
    <subfield code="b">BCEJYS</subfield>
    <subfield code="c">16</subfield>
    <subfield code="d">2026-04-07</subfield>
    <subfield code="l">0</subfield>
    <subfield code="o">658.8 K87i</subfield>
    <subfield code="p">L23170</subfield>
    <subfield code="r">2026-04-07 15:55:45</subfield>
    <subfield code="w">2026-04-07</subfield>
    <subfield code="y">L</subfield>
  </datafield>
</record>
